000 00973nam a22002657a 4500
001 9660
003 FISKH
005 20260128115912.0
008 260128b cb ||||| |||| 00| 0 eng d
020 _a9780563532781
040 _aFISKH
_beng
_cFISKH
_dFISKH
050 _aPZ7
082 _a823.92
100 _aTreahy, Iona
_eAuthor
245 _aBob's egg and spoon race /
_cWritten by Iona Treahy ; based on the script by Diane Redmond
260 _aLondon :
_bHIT Entertainment PLC ,
_c2003
300 _a31 pages :
_bcolor illustrations ;
_c19 x 23 cm
505 _aE
520 _aMrs Percival is organising a Fun Day in the town, and everyone is busy practising for the egg and spoon race. Mr Sabatini has donated a giant pizza for the winner. Spud hears about the race and is determined to win the pizza at any cost
521 8 _a200
_bLexile estimate
521 8 _aE
_bRaz-Plus
650 _aFun day
_vEgg race
942 _2ddc
_cBK
_n0
999 _c9660
_d9660